000 01080nam a22003377a 4500
001 000003892
003 DO-SdBPM
005 20250909141024.0
007 ta
008 090714s2008 dr r 000 f spa d
020 _a994542727X
020 _a9789945427271
040 _aDO-SdBPM
_bspa
_cBPMSU
_erda
082 4 _aRD863.44
_bC352b 2008
_222
100 1 _aCastillo Drullard, Pedro Héctor
_eautor
245 1 0 _aBuscando el descanso de la escalera /
_cPedro Héctor Castillo Drullard ; prólogo José Rafael Sosa.
264 _aSanto Domingo :
_bMediabyte,
_c2008.
300 _a206 páginas t ;
_c21 cm.
336 _atexto
_btxt
_2rdacontent
337 _asin mediación
_bn
_2rdamedia
338 _avolumen
_bnc
_2rdacarrier
590 _aInventariado, 2025/VM
650 7 _aNovela dominicana
650 7 _aValores (Filosofía)
_vNovela
650 7 _aLiteratura dominicana.
650 z _aDominican fictions
650 z _aDominican literature
700 1 _aSosa, José Rafael,
_eprólogo
910 _aVMateo V. Control de calidad BPMSU
942 _2ddc
_cBK
999 _c8728
_d8728